[Event "SK Sodingen/Castrop 1 - Südlohner SV 1"]
[Site "NRW-Klasse - Gruppe 2 2021/20"]
[Date "2021.12.05"]
[Round "2.1"]
[White "Funke, Reinhard"]
[Black "Boehnke, Martin"]
[Result "1/2-1/2"]
[WhiteElo "2002"]
[BlackElo "2142"]
[PlyCount "36"]
[EventDate "2021.??.??"]
[SourceVersionDate "2020.03.16"]
[WhiteTeam "Südlohner SV 1"]
[BlackTeam "SK Sodingen/Castrop 1"]

1. d4 d5 2. c4 c6 3. e3 Nf6 4. Nf3 a6 5. Be2 Bf5 6. Nc3 e6 7. O-O Nbd7 8. b3
Bd6 9. Bb2 Ne4 10. Nxe4 Bxe4 11. Bd3 f5 12. Ne5 O-O 13. Nxd7 Qxd7 14. f3 Bxd3
15. Qxd3 Qc7 16. f4 Kh8 17. c5 Be7 18. b4 g5 1/2-1/2

[Event "SK Sodingen/Castrop 1 - Südlohner SV 1"]
[Site "NRW-Klasse - Gruppe 2 2021/20"]
[Date "2021.12.05"]
[Round "2.2"]
[White "Waldschmidt, Georg"]
[Black "Kolakovic, Klaudio"]
[Result "1/2-1/2"]
[WhiteElo "2127"]
[BlackElo "2100"]
[PlyCount "36"]
[EventDate "2021.??.??"]
[SourceVersionDate "2020.03.16"]
[WhiteTeam "SK Sodingen/Castrop 1"]
[BlackTeam "Südlohner SV 1"]

1. e4 c5 2. c3 Nf6 3. e5 Nd5 4. d4 cxd4 5. Nf3 Nc6 6. Bc4 Nb6 7. Bb3 d5 8. exd6
e6 9. cxd4 Bxd6 10. O-O O-O 11. Nc3 Nb4 12. Re1 h6 13. Ne4 N4d5 14. Ne5 f5 15.
Nc3 Bxe5 16. Rxe5 Kh7 17. Qf3 Nc7 18. Bf4 g5 1/2-1/2

[Event "SK Sodingen/Castrop 1 - Südlohner SV 1"]
[Site "NRW-Klasse - Gruppe 2 2021/20"]
[Date "2021.12.05"]
[Round "2.3"]
[White "Engels, Natia"]
[Black "Werrn, Pascal"]
[Result "0-1"]
[WhiteElo "2081"]
[BlackElo "2075"]
[PlyCount "88"]
[EventDate "2021.??.??"]
[SourceVersionDate "2020.03.16"]
[WhiteTeam "Südlohner SV 1"]
[BlackTeam "SK Sodingen/Castrop 1"]

1. d4 c5 2. d5 e5 3. c4 d6 4. e4 Nf6 5. Nc3 Be7 6. Nf3 Bg4 7. Be2 Bxf3 8. Bxf3
Nbd7 9. Be3 a6 10. O-O O-O 11. a4 Ne8 12. g3 Bg5 13. Bxg5 Qxg5 14. Bg2 g6 15.
f4 exf4 16. gxf4 Qe7 17. Qe1 Nef6 18. Rd1 Rae8 19. e5 dxe5 20. f5 Qd6 21. Be4
g5 22. Kh1 Kh8 23. Rg1 Rg8 24. Qe3 Rg7 25. Rd2 Reg8 26. Rdg2 g4 27. Bc2 Rg5 28.
Bd1 Qf8 29. Ne4 Nxe4 30. Qxe4 h5 31. a5 Qd6 32. Ba4 Nf6 33. Qe3 R8g7 34. b4
cxb4 35. Rd1 Nd7 36. Bxd7 Qxd7 37. Qb6 Rxf5 38. Qxb4 Rf4 39. Qf8+ Kh7 40. Re2
Qf5 41. Ree1 Rf2 42. Qa3 g3 43. Qd3 g2+ 44. Kg1 Rf1+ 0-1

[Event "SK Sodingen/Castrop 1 - Südlohner SV 1"]
[Site "NRW-Klasse - Gruppe 2 2021/20"]
[Date "2021.12.05"]
[Round "2.4"]
[White "Mueller, Frank"]
[Black "Doennebrink, Elmar"]
[Result "1-0"]
[WhiteElo "2033"]
[BlackElo "2047"]
[PlyCount "81"]
[EventDate "2021.??.??"]
[SourceVersionDate "2020.03.16"]
[WhiteTeam "SK Sodingen/Castrop 1"]
[BlackTeam "Südlohner SV 1"]

1. e4 c5 2. Nc3 Nc6 3. g3 g6 4. Bg2 Bg7 5. d3 e6 6. Be3 d6 7. Qd2 Nd4 8. Nd1
Bd7 9. c3 Nc6 10. f4 Nge7 11. Nf3 O-O 12. O-O Rb8 13. Nf2 b5 14. e5 dxe5 15.
fxe5 c4 16. d4 Nd5 17. Bg5 f6 18. exf6 Nxf6 19. Ne5 Ne7 20. Rae1 Bc8 21. Bh3
Rb6 22. Nfg4 Nxg4 23. Nxg4 Rxf1+ 24. Rxf1 e5 25. dxe5 Qxd2 26. Bxd2 Bxg4 27.
Bxg4 Bxe5 28. Be3 Ra6 29. Bc5 Nd5 30. Re1 Nf6 31. Bf3 Nd7 32. Ba3 Kg7 33. Bg4
Nf6 34. Rxe5 Nxg4 35. Rxb5 Re6 36. Rb7+ Kg8 37. Rxa7 Re1+ 38. Kg2 h5 39. Re7
Ra1 40. Re4 Rxa2 41. h3 1-0

[Event "SK Sodingen/Castrop 1 - Südlohner SV 1"]
[Site "NRW-Klasse - Gruppe 2 2021/20"]
[Date "2021.12.05"]
[Round "2.5"]
[White "Teloeken, Andreas"]
[Black "Hille, Ralph Ingo"]
[Result "1/2-1/2"]
[WhiteElo "2024"]
[BlackElo "2016"]
[Annotator "daniel"]
[PlyCount "67"]
[EventDate "2021.??.??"]
[SourceVersionDate "2020.03.16"]
[WhiteTeam "Südlohner SV 1"]
[BlackTeam "SK Sodingen/Castrop 1"]

1. Nf3 b6 2. c4 Bb7 3. Nc3 e6 4. e3 g6 5. d4 Bg7 6. Be2 f5 7. b4 Nf6 8. Bb2 O-O
9. O-O Ne4 10. Rc1 Qe7 11. Qb3 d6 12. Rfd1 Nd7 13. a4 Ndf6 14. Ne1 Kh8 15. Nd3
Rab8 16. b5 Nxc3 17. Bxc3 Ne4 18. Be1 a5 19. bxa6 Bxa6 20. Nf4 g5 21. Nh5 Bh6
22. Qa2 Bb7 23. a5 bxa5 24. f3 Nf6 25. Nxf6 Qxf6 26. Qxa5 Qf7 $11 27. Rb1 Ra8
28. Qb4 Ba6 29. Rd2 Bg7 30. Ra2 Bb7 31. Rab2 Bc6 32. Qb3 f4 33. Bf2 fxe3 34.
Bxe3 1/2-1/2

[Event "SK Sodingen/Castrop 1 - Südlohner SV 1"]
[Site "NRW-Klasse - Gruppe 2 2021/20"]
[Date "2021.12.05"]
[Round "2.6"]
[White "Foerster, Wolfgang"]
[Black "van Lith, Arjan"]
[Result "1/2-1/2"]
[WhiteElo "2008"]
[BlackElo "2157"]
[PlyCount "53"]
[EventDate "2021.??.??"]
[SourceVersionDate "2020.03.16"]
[WhiteTeam "SK Sodingen/Castrop 1"]
[BlackTeam "Südlohner SV 1"]

1. e4 c5 2. Nc3 Nc6 3. g3 g6 4. Bg2 Bg7 5. d3 d6 6. Be3 Nf6 7. h3 Bd7 8. Qd2 h6
9. f4 Qa5 10. Nge2 Rc8 11. O-O b5 12. g4 b4 13. Nd1 Qb5 14. c4 bxc3 15. bxc3
O-O 16. Rc1 Kh7 17. Nf2 Rc7 18. Ng3 Rb8 19. Rc2 a5 20. g5 hxg5 21. fxg5 Ne8 22.
h4 Kg8 23. Nh3 Ne5 24. Nf4 Bg4 25. Nd5 Rcb7 26. c4 Qd7 27. Kh2 1/2-1/2

[Event "SK Sodingen/Castrop 1 - Südlohner SV 1"]
[Site "NRW-Klasse - Gruppe 2 2021/20"]
[Date "2021.12.05"]
[Round "2.7"]
[White "Teloeken, Daniel"]
[Black "Ribbeheger, Edgar"]
[Result "1/2-1/2"]
[WhiteElo "1952"]
[BlackElo "1992"]
[Annotator "daniel"]
[PlyCount "99"]
[EventDate "2021.??.??"]
[SourceVersionDate "2020.03.16"]
[WhiteTeam "Südlohner SV 1"]
[BlackTeam "SK Sodingen/Castrop 1"]

1. c4 Nf6 2. g3 e5 3. Bg2 Nc6 4. Nc3 Bc5 5. e3 O-O 6. Nge2 Re8 7. O-O d6 8. d4
Bb6 9. Na4 Bg4 10. f3 Bd7 11. Nxb6 axb6 12. e4 Qc8 13. Be3 Bh3 14. Qd2 Bxg2 15.
Kxg2 exd4 16. Nxd4 Nxd4 17. Bxd4 Qe6 18. Qc3 Nh5 19. b4 Qg6 20. Rf2 c5 21. Be3
f5 22. exf5 Qxf5 23. bxc5 dxc5 24. Rd2 Ra4 25. Qb3 Rb4 26. Qc3 Qe6 27. Bf2 Qf6
28. Rc1 $11 Qg6 29. Kh1 Nf6 30. Kg2 Qf7 31. Qd3 h6 32. a3 Ra4 33. Qb3 Ra6 34.
Rcd1 Qc7 35. g4 Rea8 36. Bg3 Qe7 37. Re1 Qf7 38. Rde2 Rxa3 39. Qxb6 Rxf3 40.
Re7 Rxg3+ 41. hxg3 Ra2+ 42. Kh1 Qxc4 43. Qe6+ Qxe6 44. R1xe6 Nxg4 45. Rg6 Nf2+
46. Kg2 Ne4+ 47. Kg1 Ra1+ 48. Kg2 Ra2+ 49. Kg1 Ra1+ 50. Kg2 1/2-1/2

[Event "SK Sodingen/Castrop 1 - Südlohner SV 1"]
[Site "NRW-Klasse - Gruppe 2 2021/20"]
[Date "2021.12.05"]
[Round "2.8"]
[White "Rohovoy, Dmitrij"]
[Black "Sparwel, Oliver"]
[Result "1/2-1/2"]
[WhiteElo "1936"]
[BlackElo "1923"]
[PlyCount "34"]
[EventDate "2021.??.??"]
[SourceVersionDate "2020.03.16"]
[WhiteTeam "SK Sodingen/Castrop 1"]
[BlackTeam "Südlohner SV 1"]

1. d4 Nf6 2. c4 d6 3. Nf3 g6 4. Nc3 Bg7 5. e3 O-O 6. Bd3 Nfd7 7. Qc2 Nc6 8. a3
e5 9. d5 Ne7 10. e4 h6 11. b4 f5 12. Bb2 Nf6 13. O-O-O a5 14. Nh4 axb4 15. axb4
fxe4 16. Nxe4 Nxe4 17. Bxe4 g5 1/2-1/2

[Event "SV Horst-Emscher 1 - SK Münster 2"]
[Site "NRW-Klasse - Gruppe 2 2021/20"]
[Date "2021.12.05"]
[Round "2.1"]
[White "Wichtrup, Jan-Louis"]
[Black "Baerwolf, Steven"]
[Result "1/2-1/2"]
[WhiteElo "2145"]
[BlackElo "2314"]
[PlyCount "37"]
[EventDate "2021.??.??"]
[SourceVersionDate "2020.03.16"]
[WhiteTeam "SK Münster 2"]
[BlackTeam "SV Horst-Emscher 1"]

1. d4 d6 2. e4 Nf6 3. Nc3 e5 4. dxe5 dxe5 5. Qxd8+ Kxd8 6. Bc4 Be6 7. Bxe6 fxe6
8. f3 Bc5 9. Nd1 Nc6 10. c3 Ke7 11. Nh3 a5 12. a4 Rad8 13. Ke2 h6 14. Nhf2 Rd7
15. Be3 Bxe3 16. Nxe3 Rhd8 17. Rad1 Rxd1 18. Rxd1 Rxd1 19. Kxd1 1/2-1/2

[Event "SV Horst-Emscher 1 - SK Münster 2"]
[Site "NRW-Klasse - Gruppe 2 2021/20"]
[Date "2021.12.05"]
[Round "2.2"]
[White "Rebentisch, Tom"]
[Black "Virnyi, Julius"]
[Result "1/2-1/2"]
[WhiteElo "2129"]
[BlackElo "2051"]
[PlyCount "43"]
[EventDate "2021.??.??"]
[SourceVersionDate "2020.03.16"]
[WhiteTeam "SV Horst-Emscher 1"]
[BlackTeam "SK Münster 2"]

1. e4 c5 2. Nf3 d6 3. d4 cxd4 4. Nxd4 Nf6 5. Nc3 Nc6 6. Be2 e5 7. Nf3 h6 8. O-O
Be7 9. b3 O-O 10. Bb2 Bg4 11. h3 Bxf3 12. Bxf3 Nd4 13. Nd5 Nxf3+ 14. Qxf3 Nxd5
15. exd5 b5 16. Qd3 Qb6 17. Kh1 Bg5 18. g3 f5 19. f4 e4 20. Qd4 Qxd4 21. Bxd4
Bf6 22. Bxf6 1/2-1/2

[Event "SV Horst-Emscher 1 - SK Münster 2"]
[Site "NRW-Klasse - Gruppe 2 2021/20"]
[Date "2021.12.05"]
[Round "2.3"]
[White "Boesel, Alexander"]
[Black "Buschmann, Andreas"]
[Result "1/2-1/2"]
[WhiteElo "2007"]
[BlackElo "2041"]
[PlyCount "72"]
[EventDate "2021.??.??"]
[SourceVersionDate "2020.03.16"]
[WhiteTeam "SK Münster 2"]
[BlackTeam "SV Horst-Emscher 1"]

1. e4 c5 2. Nf3 d6 3. d4 cxd4 4. Nxd4 Nf6 5. Nc3 a6 6. h3 e6 7. g4 Be7 8. g5
Nfd7 9. h4 Nc6 10. Be3 O-O 11. Qd2 Nxd4 12. Bxd4 b5 13. O-O-O b4 14. Ne2 Bb7
15. Ng3 d5 16. e5 Qa5 17. Kb1 Rfc8 18. f4 Nc5 19. Qe3 Rc6 20. h5 Na4 21. Bd3
Nc3+ 22. bxc3 bxc3 23. Ka1 Ba3 24. Rb1 Bb2+ 25. Rxb2 cxb2+ 26. Kxb2 Rac8 27.
Rb1 Qa4 28. c3 R6c7 29. Ne2 Bc6 30. Ka1 Bb5 31. Nc1 Qa3 32. Rb3 Qa4 33. Qe2 Rb7
34. Qb2 Rcb8 35. Bc2 Qc4 36. Bd3 Qa4 1/2-1/2

[Event "SV Horst-Emscher 1 - SK Münster 2"]
[Site "NRW-Klasse - Gruppe 2 2021/20"]
[Date "2021.12.05"]
[Round "2.4"]
[White "Dementjew, Dmitriy"]
[Black "Kamp, Adrian"]
[Result "0-1"]
[WhiteElo "1902"]
[BlackElo "2013"]
[PlyCount "104"]
[EventDate "2021.??.??"]
[SourceVersionDate "2020.03.16"]
[WhiteTeam "SV Horst-Emscher 1"]
[BlackTeam "SK Münster 2"]

1. d4 Nf6 2. Nf3 g6 3. Bf4 Bg7 4. e3 d5 5. Bd3 O-O 6. h3 c5 7. c3 Nc6 8. O-O
Nd7 9. Bb5 Qb6 10. Qe2 e5 11. Nxe5 Ndxe5 12. dxe5 Nxe5 13. Rd1 Rd8 14. Bg5 f6
15. Bh4 c4 16. Ba4 Bf5 17. b4 a5 18. b5 Nd3 19. g4 Be4 20. Bg3 Ne5 21. Bxe5
fxe5 22. Nd2 Bd3 23. Qe1 d4 24. Rac1 dxe3 25. Qxe3 Qxe3 26. fxe3 Be2 27. Ne4
Bxd1 28. Bxd1 Rac8 29. Bf3 Rd3 30. Re1 Bf8 31. Be2 Rdd8 32. Kf2 Be7 33. g5 h6
34. Bg4 Rc7 35. h4 hxg5 36. hxg5 Kg7 37. Ke2 a4 38. Rf1 Rh8 39. Rf2 Rh4 40. Bf3
a3 41. Nf6 Bxf6 42. gxf6+ Kf8 43. Bd5 Rc5 44. e4 Rxb5 45. Bxc4 Rb2+ 46. Kf1
Rxe4 47. Bd5 Rxf2+ 48. Kxf2 Rf4+ 49. Ke3 b6 50. f7 Rxf7 51. Ke4 Rf5 52. Be6 Rh5
0-1

[Event "SV Horst-Emscher 1 - SK Münster 2"]
[Site "NRW-Klasse - Gruppe 2 2021/20"]
[Date "2021.12.05"]
[Round "2.5"]
[White "Weidemann, Jakob"]
[Black "Arndt, Olaf"]
[Result "1-0"]
[WhiteElo "2036"]
[BlackElo "1860"]
[PlyCount "39"]
[EventDate "2021.??.??"]
[SourceVersionDate "2020.03.16"]
[WhiteTeam "SK Münster 2"]
[BlackTeam "SV Horst-Emscher 1"]

1. e4 d5 2. exd5 Nf6 3. Nf3 Nxd5 4. d4 g6 5. c4 Nb6 6. Be3 Bg7 7. Nc3 O-O 8.
Be2 Nc6 9. h3 e5 10. dxe5 Nxe5 11. Nxe5 Bxe5 12. Qb3 Be6 13. Rd1 Qe7 14. O-O f5
15. Rfe1 Qf7 16. Nd5 Rad8 17. Bf3 Bg7 18. Bg5 Rd7 19. Nxb6 Rxd1 20. Qxd1 1-0

[Event "SV Horst-Emscher 1 - SK Münster 2"]
[Site "NRW-Klasse - Gruppe 2 2021/20"]
[Date "2021.12.05"]
[Round "2.6"]
[White "Renn, Thorsten"]
[Black "Kamp, Aaron"]
[Result "1-0"]
[WhiteElo "1883"]
[BlackElo "1928"]
[PlyCount "121"]
[EventDate "2021.??.??"]
[SourceVersionDate "2020.03.16"]
[WhiteTeam "SV Horst-Emscher 1"]
[BlackTeam "SK Münster 2"]

1. e4 c5 2. Nf3 d6 3. d4 cxd4 4. Nxd4 Nf6 5. Nc3 g6 6. Be3 Bg7 7. f3 O-O 8. Qd2
Nc6 9. O-O-O d5 10. exd5 Nxd5 11. Nxc6 bxc6 12. Bd4 Bxd4 13. Qxd4 Qb6 14. Nxd5
cxd5 15. Qxb6 axb6 16. a3 Ra5 17. Rd4 Bf5 18. Kd2 Rc5 19. Bd3 e5 20. Rb4 Bxd3
21. Kxd3 b5 22. Re1 f6 23. Re2 Ra8 24. g4 d4 25. f4 g5 26. fxe5 fxe5 27. Rf2
Kg7 28. Ke4 Kg6 29. h3 h5 30. gxh5+ Kxh5 31. Rf7 Rxc2 32. Kxe5 d3 33. Rd7 Re2+
34. Kd4 d2 35. Kc5 Rf8 36. Kxb5 Rf3 37. a4 Rxh3 38. a5 Re5+ 39. Ka4 Rf3 40.
Rxd2 Rff5 41. Rh2+ Kg6 42. Rb6+ Kg7 43. b4 Re1 44. Rc2 g4 45. Rc7+ Rf7 46. Rc4
Rg1 47. a6 Ra1+ 48. Kb5 Rf5+ 49. Kc6 Rf6+ 50. Kb7 Rf7+ 51. Kb8 Rf8+ 52. Ka7 Rg1
53. Rc7+ Rf7 54. Rbb7 Rgf1 55. Rxf7+ Rxf7 56. Rxf7+ Kxf7 57. Kb8 g3 58. a7 g2
59. a8=Q g1=Q 60. Qa7+ Qxa7+ 61. Kxa7 1-0

[Event "SV Horst-Emscher 1 - SK Münster 2"]
[Site "NRW-Klasse - Gruppe 2 2021/20"]
[Date "2021.12.05"]
[Round "2.7"]
[White "Schroeder, Lennart"]
[Black "Doenges, Dirk"]
[Result "1-0"]
[WhiteElo "1945"]
[BlackElo "1748"]
[PlyCount "71"]
[EventDate "2021.??.??"]
[SourceVersionDate "2020.03.16"]
[WhiteTeam "SK Münster 2"]
[BlackTeam "SV Horst-Emscher 1"]

1. d4 d5 2. c4 c6 3. Nf3 Nf6 4. Qc2 g6 5. Bf4 Bg7 6. e3 Bf5 7. Qb3 b6 8. Nc3
O-O 9. Be2 dxc4 10. Bxc4 b5 11. Be2 a5 12. O-O a4 13. Qd1 h6 14. Rc1 Ne4 15.
Be5 f6 16. Bxb8 Rxb8 17. Nh4 Qe8 18. Nxf5 gxf5 19. Nxe4 fxe4 20. Qc2 e5 21.
Qxe4 exd4 22. Qxd4 f5 23. Qd6 f4 24. e4 Bxb2 25. Rxc6 Rf6 26. Qd5+ Kh8 27. Bxb5
Rxb5 28. Qxb5 Qxc6 29. Qxb2 f3 30. Rc1 Qa6 31. Qb8+ Kg7 32. Rc7+ Rf7 33. Qc8
Qe2 34. Qg4+ Kf8 35. Rxf7+ Kxf7 36. Qxf3+ 1-0

[Event "SV Horst-Emscher 1 - SK Münster 2"]
[Site "NRW-Klasse - Gruppe 2 2021/20"]
[Date "2021.12.05"]
[Round "2.8"]
[White "Schreiner, Paulo"]
[Black "Austrup, David"]
[Result "1/2-1/2"]
[WhiteElo "1768"]
[BlackElo "1965"]
[PlyCount "51"]
[EventDate "2021.??.??"]
[SourceVersionDate "2020.03.16"]
[WhiteTeam "SV Horst-Emscher 1"]
[BlackTeam "SK Münster 2"]

1. d4 Nf6 2. c4 g6 3. Nc3 Bg7 4. e4 d6 5. Nf3 O-O 6. Be2 e5 7. O-O Nc6 8. d5
Ne7 9. b4 a5 10. Ba3 axb4 11. Bxb4 b6 12. a4 Re8 13. a5 c5 14. dxc6 Nxc6 15.
Bxd6 Rxa5 16. Rxa5 Nxa5 17. Bxe5 Qxd1 18. Rxd1 Nxe4 19. Nxe4 Bxe5 20. Nxe5 Rxe5
21. Rd8+ Kg7 22. Rxc8 Rxe4 23. Kf1 Rd4 24. Ke1 h5 25. Rb8 Nxc4 26. Bxc4 1/2-1/2

[Event "SG Ennepe-Ruhr-Süd 1 - SG Turm Raesfel"]
[Site "NRW-Klasse - Gruppe 2 2021/20"]
[Date "2021.12.05"]
[Round "2.1"]
[White "Greifenberg, Daniel"]
[Black "Arndt, Stefan"]
[Result "0-1"]
[WhiteElo "2124"]
[BlackElo "2116"]
[PlyCount "72"]
[EventDate "2021.??.??"]
[SourceVersionDate "2020.03.16"]
[WhiteTeam "SG Turm Raesfeld/Erle 1"]
[BlackTeam "SG Ennepe-Ruhr-Süd 1"]

1. d4 d5 2. c4 e6 3. Nf3 Nf6 4. Nc3 Be7 5. Bf4 O-O 6. c5 b6 7. b4 a5 8. a3 Ne4
9. Qc1 axb4 10. axb4 Rxa1 11. Qxa1 Nc6 12. Qb2 bxc5 13. bxc5 f6 14. e3 g5 15.
Bg3 h5 16. Nxe4 dxe4 17. Qb1 f5 18. Ne5 Nxe5 19. Bxe5 Qd5 20. Qc2 Qa8 21. Be2
Qa5+ 22. Qd2 Qa1+ 23. Qd1 Qc3+ 24. Qd2 Qa1+ 25. Bd1 Ba6 26. Bxc7 Bd3 27. Ba5
Rb8 28. Bc3 Qa6 29. Bc2 Bc4 30. f3 exf3 31. gxf3 g4 32. Kf2 Bh4+ 33. Kg2 gxf3+
34. Kxf3 Bd5+ 35. e4 Bxe4+ 36. Ke3 Bg5+ 0-1

[Event "SG Ennepe-Ruhr-Süd 1 - SG Turm Raesfel"]
[Site "NRW-Klasse - Gruppe 2 2021/20"]
[Date "2021.12.05"]
[Round "2.2"]
[White "Tripolsky, Eugen"]
[Black "Wilger, Frank"]
[Result "1-0"]
[WhiteElo "2204"]
[BlackElo "2127"]
[PlyCount "71"]
[EventDate "2021.??.??"]
[SourceVersionDate "2020.03.16"]
[WhiteTeam "SG Ennepe-Ruhr-Süd 1"]
[BlackTeam "SG Turm Raesfeld/Erle 1"]

1. e4 c5 2. Nf3 e6 3. c3 Nf6 4. Bd3 d5 5. e5 Nfd7 6. Bc2 c4 7. O-O Nc6 8. Re1
Qc7 9. Qe2 g6 10. b3 b5 11. a4 cxb3 12. Bxb3 b4 13. d4 a5 14. cxb4 axb4 15. Bf4
Ba6 16. Qe3 Bg7 17. Bxd5 O-O 18. Be4 Rac8 19. Nbd2 Nb6 20. Rec1 Qd7 21. Nb3 Ne7
22. Nc5 Qa7 23. Bh6 Ned5 24. Qg5 Nc3 25. Re1 Ne2+ 26. Kh1 Nxd4 27. Nxd4 Rxc5
28. Bxg7 Kxg7 29. Qf6+ Kg8 30. Nc6 Rxc6 31. Bxc6 Bb7 32. Qe7 Rb8 33. a5 Nc8 34.
Qd8+ Kg7 35. Qf6+ Kf8 36. Qh8+ 1-0

[Event "SG Ennepe-Ruhr-Süd 1 - SG Turm Raesfel"]
[Site "NRW-Klasse - Gruppe 2 2021/20"]
[Date "2021.12.05"]
[Round "2.3"]
[White "Buendgen, Achim"]
[Black "Arakelian, Aik"]
[Result "0-1"]
[WhiteElo "2091"]
[BlackElo "2082"]
[PlyCount "136"]
[EventDate "2021.??.??"]
[SourceVersionDate "2020.03.16"]
[WhiteTeam "SG Turm Raesfeld/Erle 1"]
[BlackTeam "SG Ennepe-Ruhr-Süd 1"]

1. d4 Nf6 2. Bg5 c5 3. d5 h6 4. Bf4 Qb6 5. Nc3 Qxb2 6. Bd2 Qb6 7. e4 d6 8. f4
a6 9. e5 dxe5 10. fxe5 Ng4 11. e6 Nf6 12. exf7+ Kxf7 13. Nf3 Qd6 14. a4 g5 15.
Bc4 g4 16. O-O gxf3 17. Qxf3 Ke8 18. Rae1 Kd8 19. Bf4 Bg4 20. Qg3 Qd7 21. Bxb8
Nh5 22. Qh4 Rxb8 23. h3 Bxh3 24. d6 Bg4 25. Rxf8+ Rxf8 26. Rxe7 Nf6 27. Qxh6
Qxe7 28. dxe7+ Kxe7 29. Qg7+ Kd6 30. Ne4+ Nxe4 31. Qxg4 Rbe8 32. Qg7 Kc6 33.
Bf7 Rd8 34. c4 Nc3 35. Qh6+ Kc7 36. Qf4+ Kb6 37. Qf6+ Ka7 38. Qxc3 Rxf7 39. a5
Rd4 40. Qb3 Rf6 41. Kh2 Rh6+ 42. Kg1 Rg6 43. Qc2 Rdg4 44. Qf5 Rxg2+ 45. Kf1
R2g5 46. Qf7 Rg1+ 47. Ke2 R6g2+ 48. Ke3 Re1+ 49. Kd3 Rd1+ 50. Ke3 Rd6 51. Qc7
Rc6 52. Qd8 Rg4 53. Qd5 Rd4 54. Qf7 Rd1 55. Qg8 Re6+ 56. Kf2 Rd2+ 57. Kf3 Rc6
58. Ke3 Ra2 59. Qd8 Re6+ 60. Kd3 Ra3+ 61. Kd2 Ra4 62. Kd3 Ra3+ 63. Kd2 Ra2+ 64.
Kd3 Rae2 65. Qg5 R6e3+ 66. Qxe3 Rxe3+ 67. Kxe3 b6 68. axb6+ Kxb6 0-1

[Event "SG Ennepe-Ruhr-Süd 1 - SG Turm Raesfel"]
[Site "NRW-Klasse - Gruppe 2 2021/20"]
[Date "2021.12.05"]
[Round "2.4"]
[White "Bruchmann, Norbert"]
[Black "Gesing, Felix"]
[Result "1-0"]
[WhiteElo "2048"]
[BlackElo "2056"]
[PlyCount "141"]
[EventDate "2021.??.??"]
[SourceVersionDate "2020.03.16"]
[WhiteTeam "SG Ennepe-Ruhr-Süd 1"]
[BlackTeam "SG Turm Raesfeld/Erle 1"]

1. e4 d6 2. Nc3 Nf6 3. d4 Nbd7 4. Be3 e5 5. f3 c6 6. Qd2 Qa5 7. Nge2 b5 8. d5
cxd5 9. b4 Qd8 10. Nxd5 Bb7 11. Nec3 a6 12. a4 bxa4 13. Rxa4 Be7 14. Bc4 O-O
15. O-O Nxd5 16. Bxd5 Qc8 17. Rfa1 Nf6 18. Bxb7 Qxb7 19. Bg5 Rfc8 20. Bxf6 Bxf6
21. Nd5 Bd8 22. c3 h6 23. g3 Qb5 24. Kg2 Bg5 25. Qf2 Bd8 26. h4 Qd3 27. R4a3 f5
28. Qe1 Qc2+ 29. Kh1 Qd3 30. Kg2 Qc2+ 31. Kh3 g5 32. R1a2 Qd3 33. Qe2 g4+ 34.
fxg4 fxe4 35. Rd2 Qxe2 36. Rxe2 Rc4 37. Rea2 a5 38. Ne3 Rc7 39. bxa5 Rd7 40.
Nd5 Rf7 41. a6 Rf3 42. Re2 Rd3 43. Nb4 Rd1 44. Rxe4 Bb6 45. Nc6 Bc5 46. Ra2 Rc1
47. Rc4 Re1 48. Rca4 Rb1 49. Ne7+ Kf7 50. Nd5 Ra7 51. Ra1 Rxa1 52. Rxa1 Ke6 53.
c4 e4 54. Ra2 Ke5 55. Nc3 Rf7 56. Nb5 Ba7 57. Rd2 Bc5 58. Rd5+ Ke6 59. a7 Bxa7
60. Rxd6+ Ke5 61. Rd5+ Ke6 62. Nxa7 Rxa7 63. Rh5 Ra2 64. Rxh6+ Ke5 65. Rh8 e3
66. Re8+ Kd4 67. g5 Kd3 68. g6 Ra7 69. h5 Ke2 70. h6 Kf3 71. Rf8+ 1-0

[Event "SG Ennepe-Ruhr-Süd 1 - SG Turm Raesfel"]
[Site "NRW-Klasse - Gruppe 2 2021/20"]
[Date "2021.12.05"]
[Round "2.5"]
[White "Borutta, Niklas"]
[Black "Heller, Achim"]
[Result "1-0"]
[WhiteElo "2058"]
[BlackElo "1985"]
[Annotator "daniel"]
[PlyCount "143"]
[EventDate "2021.??.??"]
[SourceVersionDate "2020.03.16"]
[WhiteTeam "SG Turm Raesfeld/Erle 1"]
[BlackTeam "SG Ennepe-Ruhr-Süd 1"]

1. c4 e6 2. g3 c5 3. Nf3 Nc6 4. Bg2 Nf6 5. Nc3 d6 6. d4 cxd4 7. Nxd4 Nxd4 8.
Qxd4 Be7 9. O-O O-O 10. Rd1 a6 11. b3 Qc7 12. Ba3 Rd8 13. Na4 Rb8 14. Qb6 Qxb6
15. Nxb6 Ne8 16. Rd2 Bd7 17. c5 Bc6 18. cxd6 Bxd6 19. Rad1 Bc7 $11 20. Nd7 Ra8
21. Be7 Rdc8 22. Bxc6 bxc6 23. Rc2 Bd8 24. Ba3 Ra7 25. Ne5 Bf6 26. Rxc6 Rxc6
27. Nxc6 Rc7 28. Rc1 g6 29. Nb4 a5 30. Rxc7 Nxc7 31. Nc6 Nb5 32. Bc5 Nc3 33.
Nxa5 Nxa2 34. b4 Nc3 35. Kf1 Ne4 36. f3 Nxc5 37. bxc5 Kf8 38. e3 Ke8 39. Ke2
Kd7 40. Kd3 Bd8 41. Nb3 Kc6 42. Kc4 e5 43. Nc1 e4 44. fxe4 Bg5 45. Ne2 Bxe3 46.
Nd4+ Kd7 47. Kd5 Bg1 48. Nf3 Be3 49. Ne5+ Ke7 50. c6 Bb6 51. Nd3 h5 52. Nc5 h4
53. gxh4 Bc7 54. e5 Bb6 55. h3 Ba5 56. Nb7 Be1 57. Nd6 Ba5 58. Kc5 Bc7 59. Kd5
Ba5 60. Nxf7 Kxf7 61. Kd6 Ke8 62. Ke6 Bc7 63. Kf6 Bd8+ 64. Kxg6 Bxh4 65. e6 Bg3
66. h4 Ke7 67. Kf5 Kd6 68. h5 Kxc6 69. h6 Be1 70. Kg6 Kd6 71. Kf7 Bc3 72. e7
1-0

[Event "SG Ennepe-Ruhr-Süd 1 - SG Turm Raesfel"]
[Site "NRW-Klasse - Gruppe 2 2021/20"]
[Date "2021.12.05"]
[Round "2.6"]
[White "Nasoyan, Maksim"]
[Black "Hoffmann, Fabian"]
[Result "0-1"]
[WhiteElo "1895"]
[BlackElo "1970"]
[PlyCount "54"]
[EventDate "2021.??.??"]
[SourceVersionDate "2020.03.16"]
[WhiteTeam "SG Ennepe-Ruhr-Süd 1"]
[BlackTeam "SG Turm Raesfeld/Erle 1"]

1. e4 c6 2. d4 d5 3. Nc3 dxe4 4. Nxe4 Bf5 5. Ng3 Bg6 6. h4 h6 7. Nh3 Nf6 8. Nf4
Bh7 9. Bd3 Qxd4 10. Be3 Qd6 11. Qe2 Nbd7 12. O-O-O Qc7 13. Bxh7 Rxh7 14. Qc4
O-O-O 15. Nfe2 e6 16. Bxa7 b5 17. Qc3 b4 18. Qe3 c5 19. Nd4 Qxa7 20. Nc6 Qxa2
21. Nxd8 Kxd8 22. b3 Nd5 23. Qe4 g6 24. Ne2 Bg7 25. Rh3 Bc3 26. Nxc3 bxc3 27.
Rxc3 Qa1+ 0-1

[Event "SG Ennepe-Ruhr-Süd 1 - SG Turm Raesfel"]
[Site "NRW-Klasse - Gruppe 2 2021/20"]
[Date "2021.12.05"]
[Round "2.7"]
[White "Broemmel, Rudolf"]
[Black "Heinzemann, Thomas"]
[Result "1-0"]
[WhiteElo "1926"]
[BlackElo "1926"]
[PlyCount "79"]
[EventDate "2021.??.??"]
[SourceVersionDate "2020.03.16"]
[WhiteTeam "SG Turm Raesfeld/Erle 1"]
[BlackTeam "SG Ennepe-Ruhr-Süd 1"]

1. Nc3 d5 2. d4 Bf5 3. g3 h6 4. Bg2 Nf6 5. e3 e6 6. Nge2 Na6 7. a3 c5 8. O-O
Be7 9. h3 Qd7 10. g4 Bh7 11. Ng3 Nc7 12. Nce2 Nb5 13. c3 Rc8 14. Nf4 Nd6 15.
Nd3 cxd4 16. exd4 Nc4 17. Re1 O-O 18. Ne5 Qc7 19. Nxc4 Qxc4 20. h4 Bd6 21. Re3
Bf4 22. Rf3 Bxc1 23. Qxc1 Nxg4 24. Qf4 Nf6 25. Re1 Qc7 26. Qd2 Ne4 27. Nxe4
Bxe4 28. Rg3 Bg6 29. Re5 Kh7 30. h5 Bf5 31. Bxd5 Rcd8 32. Rxf5 exf5 33. Bf3
Rfe8 34. Qd3 Re1+ 35. Kg2 Qf4 36. Rg4 Qc1 37. Qxf5+ Kh8 38. Be4 Rxe4 39. Rxe4
Qxb2 40. Qxf7 1-0

[Event "SG Ennepe-Ruhr-Süd 1 - SG Turm Raesfel"]
[Site "NRW-Klasse - Gruppe 2 2021/20"]
[Date "2021.12.05"]
[Round "2.8"]
[White "Liesendahl, Felix"]
[Black "Bergemann, Martin"]
[Result "1-0"]
[WhiteElo "1643"]
[BlackElo "1918"]
[PlyCount "65"]
[EventDate "2021.??.??"]
[SourceVersionDate "2020.03.16"]
[WhiteTeam "SG Ennepe-Ruhr-Süd 1"]
[BlackTeam "SG Turm Raesfeld/Erle 1"]

1. e4 c5 2. Nf3 a6 3. c3 b5 4. d4 Bb7 5. Bd3 d6 6. O-O Nd7 7. Bf4 Ngf6 8. Qe2
e6 9. Nbd2 Be7 10. e5 dxe5 11. Nxe5 cxd4 12. cxd4 O-O 13. Rac1 Nxe5 14. dxe5
Qd5 15. Nf3 Ne8 16. Rfd1 Qxa2 17. Bb1 Qa4 18. Rd4 Bxf3 19. Qd3 f5 20. Rxa4 Be4
21. Rxe4 fxe4 22. Qxe4 Rxf4 23. Qxh7+ Kf8 24. Qg6 Rd8 25. g3 Rfd4 26. Ba2 Rd1+
27. Kg2 R1d7 28. Bxe6 Bb4 29. Qf5+ Nf6 30. Bxd7 Be7 31. exf6 Bxf6 32. Rc6 Kg8
33. Rxf6 1-0